| 000 | 00341nam a2200133 4500 | ||
|---|---|---|---|
| 082 | 0 | 0 | _a658.8 GRA |
| 100 | 1 | _aGrayson, Robert A. | |
| 245 | 1 | 0 | _aIntroduction to marketing; |
| 260 |
_aNew York, _bAppleton-Century-Crofts _c[1971] |
||
| 300 |
_axii, 427 p. _billus., map. |
||
| 650 | 0 | _aMarketing. | |
| 700 | 1 | _aOlsen, Reynold A., | |
| 942 | _cBK | ||
| 999 |
_c16840 _d16840 |
||